UBT Library

Brenner & Rector's the kidney / (Record no. 40156)

000 -LEADER
fixed length control field 01116cam a22003734a 4500
001 - CONTROL NUMBER
control field 14589635
005 - DATE AND TIME OF LATEST TRANSACTION
control field 20180111094134.0
008 - FIXED-LENGTH DATA ELEMENTS--GENERAL INFORMATION
fixed length control field 061006s2008 paua b 001 0 eng
010 ## - LIBRARY OF CONGRESS CONTROL NUMBER
LC control number 2006033461
016 7# - NATIONAL BIBLIOGRAPHIC AGENCY CONTROL NUMBER
Record control number 101289336
Source DNLM
020 ## - INTERNATIONAL STANDARD BOOK NUMBER
International Standard Book Number 1416031057 (set)
020 ## - INTERNATIONAL STANDARD BOOK NUMBER
International Standard Book Number 9781416031055 (set)
020 ## - INTERNATIONAL STANDARD BOOK NUMBER
International Standard Book Number 9996014460 (v. 1)
020 ## - INTERNATIONAL STANDARD BOOK NUMBER
International Standard Book Number 9789996014468 (v. 1)
020 ## - INTERNATIONAL STANDARD BOOK NUMBER
International Standard Book Number 9996014525 (v. 2)
020 ## - INTERNATIONAL STANDARD BOOK NUMBER
International Standard Book Number 9789996014529 (v. 2)
035 ## - SYSTEM CONTROL NUMBER
System control number (OCoLC)ocm72774314
035 ## - SYSTEM CONTROL NUMBER
System control number (OCoLC)72774314
040 ## - CATALOGING SOURCE
Original cataloging agency DNLM/DLC
Transcribing agency DLC
Modifying agency NLM
-- BTCTA
-- BAKER
-- C#P
-- DLC
041 ## - LANGUAGE CODE
Language code of text/sound track or separate title eng
042 ## - AUTHENTICATION CODE
Authentication code pcc
060 10 - NATIONAL LIBRARY OF MEDICINE CALL NUMBER
Classification number WJ 300
Item number B8375 2008
080 ## - UNIVERSAL DECIMAL CLASSIFICATION NUMBER
Universal Decimal Classification number 616.61 BRE
082 00 - DEWEY DECIMAL CLASSIFICATION NUMBER
Classification number 616.61 BRE
Edition number 22
100 ## - Rafti
Rafti 8
101 ## - Shkurtesa
Shkurtesa ORT
245 00 - TITLE STATEMENT
Title Brenner & Rector's the kidney /
Statement of responsibility, etc [edited by] Barry M. Brenner.
246 3# - VARYING FORM OF TITLE
Title proper/short title Brenner and Rector's the kidney
246 30 - VARYING FORM OF TITLE
Title proper/short title Kidney
504 ## - BIBLIOGRAPHY, ETC. NOTE
Bibliography, etc Includes bibliographical references and index.
906 ## - LOCAL DATA ELEMENT F, LDF (RLIN)
a 7
b cbc
c orignew
d 1
e ecip
f 20
g y-gencatlg
942 ## - ADDED ENTRY ELEMENTS (KOHA)
Source of classification or shelving scheme
Item type Books
Holdings
Withdrawn status Lost status Source of classification or shelving scheme Damaged status Not for loan Collection code Permanent location Current location Shelving location Date acquired Total Checkouts Full call number Barcode Date last seen Price effective from Koha item type
          Koleksioni i përgjithshem UBT - Lipjan UBT - Lipjan Koleksioni i përgjithshem 01/11/2018   616.61 BRE 002-2994903 01/11/2018 01/11/2018 Books
          Koleksioni i përgjithshem UBT - Lipjan UBT - Lipjan Koleksioni i përgjithshem 01/11/2018   616.61 BRE 002-2994908 01/11/2018 01/11/2018 Books
UBT Library © 2015-2024. All rights reserved University Education for Business and Technology